MARC

LEADER 00000nam0a2200000 4500
001 262566
005 20231101233650.0
035 |a (RuTPU)RU\TPU\book\285549 
090 |a 262566 
100 |a 20140602d1986 k y0rusy50 ca 
101 0 |a rus 
102 |a RU 
105 |a a z 001zy 
200 1 |a Проблемы оптимизации электропередач СВН  |e сборник научных трудов  |f Энергетический научно-исследовательский институт им. Г.М. Кржижановского (ЭНИН) ; под ред. Н. Н. Гичевой 
210 |a Москва  |c Изд-во ЭНИН  |d 1986 
215 |a 150 с.  |c ил. 
320 |a Библиогр. в конце ст. 
606 1 |a Электрические линии передачи  |2 stltpush  |3 (RuTPU)RU\TPU\subj\27046  |9 50798 
610 1 |a оптимизация 
610 1 |a электропередачи 
610 1 |a проблемы 
610 1 |a оптимизация 
610 1 |a электрическая прочность 
610 1 |a дефектоскопия 
610 1 |a оптическая диагностика 
675 |a 621.315.1.027  |v 3 
702 1 |a Гичева  |b Н. Н.  |4 340 
712 0 2 |a Энергетический научно-исследовательский институт им. Г.М. Кржижановского (ЭНИН)  |c (Москва)  |c (1961-1993)  |2 stltpush  |3 (RuTPU)RU\TPU\col\3004 
801 1 |a RU  |b 63413507  |c 20140602 
801 2 |a RU  |b 63413507  |c 20150331  |g RCR 
942 |c BK